000 00552nam a2200181 i 4500
001 71763
003 ES-MaACL
005 20230906171224.0
007 t|
008 040818s1957 sp ||||1| spa d
100 1 _aGheorghiu, Constantin Virgil.
_956560
245 1 3 _aLa hora veinticinco /
_cC. Virgil Gheorghiu ; [versión de Jesús Ruiz y Ruiz].
250 _a[1ª ed.].
260 _aBarcelona :
_bCisne,
_c[1957] (
_fP. Hermanos)
300 _a287 p. ;
_c18 cm.
700 1 _aRuiz y Ruiz, Jesús.
_9100961
852 _aES-MaACL
_jC-14535
_bR.41218
999 _c71763
_d71763